000 00434nam a2200157 a 4500
001 000030831
005 20200930062534.0
008 110531s1928 dr 000 0 spa d
040 _aDO-SdBNP
_bspa
_cBNPHU
082 _axxxx
_bS957p
100 1 _aSuncar, Manuel E.
_957376
245 4 _aLos poemas del viandante /
_cManuel E. Suncar.
260 _aSanto Domingo :
_bCosmopolita,
_c1928.
300 _a228 p. ;
_c20 cm.
049 _aBNPD
999 _c30323
_d30323